Pays les plus proches de El Salvador - Mort subite - Statistiques

Statistiques générales
  • Ce quiz a été pris 50 fois
  • Le résultat moyen est 6 sur 15
Answers on the Grid
Answers color-coded by a green-red scale on the quiz's grid according to % correct below.
Guatemala
Honduras
Nicaragua
Belize
Mexique
Costa Rica
Colombie
Panama
Cuba
Jamaïque
États-Unis
Équateur
Bahamas
Haïti
Venezuela
République dominicaine
Pérou
Bolivie
Argentine
Chili
Paraguay
Suriname
Guyane
Canada
Sainte-Lucie
Palau
Antigua-et-Barbuda
Maroc
Afrique du Sud
Nouvelle-Zélande
 
Statistiques - réponses
Réponse % Correct
Guatemala
50%
Nicaragua
50%
Belize
43%
Costa Rica
43%
Haïti
43%
Honduras
43%
Venezuela
43%
Bahamas
36%
Cuba
36%
Jamaïque
36%
Mexique
36%
Panama
36%
États-Unis
29%
Équateur
21%
Colombie
14%
Aucun quiz correspondant
Distribution des résultats
% des personnes avec chaque résultat
Percentile par nombre de réponses
Votre historique - résultats
Vous n’avez pas pris ce quiz